000 00820nam a2200253Ia 4500
003 OSt
005 20220923221508.0
006 a|||||r|||| 00| 0
007 ta
008 220922b |||||||| |||| 00| 0 hin d
024 _a197,729
037 _cTextual
040 _aARTS
_cARTS
_bhin
041 _2hin
_ahin
082 _aO152,8xN, M0
100 _aनीरव, सुरेश
245 0 _aआठवें दशक की व्यंग्य कविता
246 _aĀṭhavean dashak kī vyangya kavitā
260 _aदिल्ली
_b आकांक्षा प्रक0
_c1980
300 _a110पृ.
_ccm.
650 _aहिन्दी साहित्य
_9156264
942 _hO152,8xN, M0
_cTEXL
_2CC
999 _c349600
_d349600